Islam : Essays on Scripture, Thought & Society A Festschrift in Honour of Anthony (Record no. 23367)
[ view plain ]
| 000 -LEADER | |
|---|---|
| fixed length control field | 00477cam a2200169 a 4500 |
| 020 ## - INTERNATIONAL STANDARD BOOK NUMBER | |
| ISBN | 9004106928 (cloth : alk. paper) |
| 082 00 - DEWEY DECIMAL CLASSIFICATION NUMBER | |
| Classification number | 297 |
| Author Cutter | RID |
| 245 00 - TITLE STATEMENT | |
| Title | Islam : Essays on Scripture, Thought & Society A Festschrift in Honour of Anthony |
| 260 ## - PUBLICATION, DISTRIBUTION, ETC. (IMPRINT) | |
| Place of publication | leiden ; |
| -- | New York : |
| Name of publisher | Brill, |
| Year of publication | 1997. |
| 300 ## - PHYSICAL DESCRIPTION | |
| Number of Pages | xliii, 361 p. : |
| Other physical details | ill. ; |
| 650 #0 - SUBJECT ADDED ENTRY--TOPICAL TERM | |
| Topical Term | Islam |
| 942 ## - ADDED ENTRY ELEMENTS (KOHA) | |
| Koha item type | Books |
| 700 1# - | |
| -- | Riddell, Peter G. |
| 700 1# - | |
| -- | Street, Tony. |
| 700 1# - | |
| -- | Johns, Anthony H. |
| Home library | Current library | Shelving location | Date acquired | Source of acquisition | Full call number | Accession Number | Koha item type |
|---|---|---|---|---|---|---|---|
| Henry Martyn Institute Library | Henry Martyn Institute Library | General stacks | 09/13/2023 | Netherlands | 297 RID | 11004761 | Books |
